| Tag |
First Indicator |
Second Indicator |
Subfields |
| LEADER |
00000cam a2200000 i 4500 |
| 001 |
in00000595772 |
| 005 |
20151014164756.0 |
| 008 |
771019s1977 wb a b 00110 ger |
| 010 |
|
|
|a 77483604
|
| 015 |
|
|
|a GFR77-A
|
| 020 |
|
|
|a 3110027798 :
|c DM14.80
|
| 035 |
|
|
|a (OCoLC)02905884
|
| 035 |
|
|
|9 ACS4217AM
|
| 040 |
|
|
|a DLC
|c DLC
|d TXA
|d UtOrBLW
|
| 049 |
|
|
|a TXAM
|c [1538003]
|
| 050 |
0 |
0 |
|a P221
|b .S34 1977
|
| 100 |
1 |
|
|a Schubiger, Maria.
|
| 245 |
1 |
0 |
|a Einfuhrung in die Phonetik /
|c von Maria Schubiger.
|
| 250 |
|
|
|a 2., uberarb. Aufl.
|
| 264 |
|
1 |
|a Berlin ;
|a New York :
|b De Gruyter,
|c 1977.
|
| 300 |
|
|
|a 142 pages :
|b illustrations ;
|c 18 cm.
|
| 336 |
|
|
|a text
|b txt
|2 rdacontent
|
| 337 |
|
|
|a unmediated
|b n
|2 rdamedia
|
| 338 |
|
|
|a volume
|b nc
|2 rdacarrier
|
| 490 |
0 |
|
|a Sammlung Goschen ; 2203
|
| 500 |
|
|
|a Includes indexes.
|
| 504 |
|
|
|a Bibliography: pages [126]-127.
|
| 650 |
|
0 |
|a Phonetics.
|
| 999 |
|
|
|a MARS
|
| 999 |
f |
f |
|s 6458de17-b053-3165-a614-9bacb4ebbf4e
|i d6a5d62f-24ff-334a-8bce-a514d2da273f
|t 0
|
| 952 |
f |
f |
|p ric
|a Texas A&M University
|b Rellis Campus
|c Joint Library Facility
|d Remote Storage
|t 0
|e P221 .S34 1977
|h Library of Congress classification
|i unmediated -- volume
|m A14803534461
|
| 998 |
f |
f |
|a P221 .S34 1977
|t 0
|l Remote Storage
|